000 00669na a2200229 4500
001 18461
003 MIRAKIL
005 20181213155145.0
008 161118b tu 000 0
035 _a18461
040 _aMilas
_btur
_cTR-AnCHP
041 _atur
082 _a352.9561
_bB34 1987
090 _a352.9561 B34 1987
245 _aBelediyelerimiz
_b(1985 genel nüfus sayımı kesin sonuçlarına göre)
_chazırlayan Sabri Yaşayan
260 _aAnkara
_bTürkiye Belediyecilik Birliği
_c1987
300 _a250 s.
_c23 sm.
650 _aYerel yönetimler
_zTürkiye
650 _aBelediyeler
_zTürkiye
700 _aYaşayan, Sabri
942 _2ddc
_cBKS
999 _c7647
_d7647